Investigar sobre evaluación : fundamentos y perspectivas para el estudio de los procesos de mejora en la universidad /

La evaluación institucional es el proceso de evaluación formativa que ha adoptado el sistema universitario argentino. Como parte de un proceso que busca estrictamente la mejora, sus consecuencias no son directas, sino que implican que la institución evaluada incorpore las recomendaciones de un proce...

Full description

Bibliographic Details
Main Author: Fernández, Norberto
Other Authors: Aiello, Martin
Format: Analitica de revista
Language:Spanish
Published: Temuco, Chile Universidad de la Frontera 2013
Subjects:

MARC

LEADER 00000cab a2200000 a 4500
001 041044
003 UAHC_CL
005 20170803124528.0
008 060526s2013 cl 000 spa
040 |a UAHC_CL  |c UAHC_CL  |d UAHC_CL 
100 1 |a Fernández, Norberto 
245 1 0 |a Investigar sobre evaluación :  |b fundamentos y perspectivas para el estudio de los procesos de mejora en la universidad /  |c Norberto Fernández, Martin Aiello. 
260 |b Universidad de la Frontera  |a Temuco, Chile  |c 2013 
300 |a pp. 67-87 
500 |a En: Revista Investigación en Educación, vol. XIII, no. 1, 2013. pp. 67-87. ISSN: 07176147 
500 |a En: Revista Investigación en Educación, vol. XIII, no. 1, 2013. pp. 67-87. ISSN: 07176147 
520 |a La evaluación institucional es el proceso de evaluación formativa que ha adoptado el sistema universitario argentino. Como parte de un proceso que busca estrictamente la mejora, sus consecuencias no son directas, sino que implican que la institución evaluada incorpore las recomendaciones de un proceso de planificación. Pero estas no son solamente las consecuencias o impacto que tienen las evaluaciones institucionales. El presente trabajo pretende mostrar cómo se puede analizar de forma comprensiva y contextualizada, el real impacto que han tenido las evaluaciones institucionales en el sistema universitario argentino. 
520 |a La evaluación institucional es el proceso de evaluación formativa que ha adoptado el sistema universitario argentino. Como parte de un proceso que busca estrictamente la mejora, sus consecuencias no son directas, sino que implican que la institución evaluada incorpore las recomendaciones de un proceso de planificación. Pero estas no son solamente las consecuencias o impacto que tienen las evaluaciones institucionales. El presente trabajo pretende mostrar cómo se puede analizar de forma comprensiva y contextualizada, el real impacto que han tenido las evaluaciones institucionales en el sistema universitario argentino. 
650 4 |a EVALUACION 
650 4 |a UNIVERSIDAD 
653 |a PEDAGOGIA EN EDUCACION BASICA 
653 |a PEDAGOGIA EN HISTORIA Y CIENCIAS SOCIALES 
700 1 |a Aiello, Martin 
759 |a PP154 
773 0 |t Revista INVI.  |w 042085 
900 |a REV. INV. EDUC.-01/13 
942 |c REVA 
952 |0 0  |1 0  |4 0  |6 REV___INV__EDUC_01_13_000000000000000  |7 0  |8 General  |9 76942  |a BC  |b BC  |c General  |d 2017-08-03  |l 0  |o REV. INV. EDUC.-01/13  |p FICTICIO17064  |r 2019-01-08 00:00:00  |t 1  |w 2017-08-03  |y REVA 
999 |c 41044  |d 41044